|
|
|
|
| LEADER |
00000cam a2200000 7i4500 |
| 001 |
0000005242 |
| 002 |
000005664 |
| 005 |
20000330.0 |
| 020 |
|
|
|a 9679783243
|
| 090 |
0 |
0 |
|a 297.19785
|b SAD
|
| 100 |
1 |
|
|a Sadeq, AbulHassan Muhamad
|f Dr
|
| 245 |
1 |
0 |
|a Economic development in Islam
|c Dr.AbulHassan Muhammad Sadeq
|
| 260 |
|
|
|a Petaling Jaya :
|b Pelanduk Publications (M) Sdn.Bhd. ,
|c 1991
|
| 300 |
|
|
|a 153p. ;
|c 21cm.
|
| 650 |
0 |
0 |
|a Economic development
|x Religious aspects
|x Islam
|
| 650 |
0 |
0 |
|a Economics
|x Religious aspects
|x Islam
|
| 999 |
|
|
|a 037695
|b BUKU
|c PINJAMAN
|e PERPUSTAKAAN KOMUNITI PETALING JAYA
|